LEADER 00888nam0-2200325---450- 001 990009528800403321 005 20120214122604.0 010 $a978-88-420-9590-3 035 $a000952880 035 $aFED01000952880 035 $a(Aleph)000952880FED01 035 $a000952880 100 $a20120214d2011----km-y0itay50------ba 101 0 $aita 102 $aIT 105 $ay-------001yy 200 1 $a<>anticittà$fStefano Boeri 210 $aRoma ; Bari$cLaterza$d2011 215 $aXVI, 155 p.$d18 cm 225 1 $aSaggi tascabili$v350 610 0 $aCittà$aItalia$aSviluppo urbanistico$aStoria 676 $a711$v22$zita 700 1$aBoeri,$bStefano$f<1956- >$010861 801 0$aIT$bUNINA$gREICAT$2UNIMARC 901 $aBK 912 $a990009528800403321 952 $aCollez. 94 (350)$b48135$fFSPBC 959 $aFSPBC 996 $aAnticittà$9855664 997 $aUNINA LEADER 02135nam 2200553 450 001 9910816465003321 005 20230809234052.0 010 $a3-11-052326-4 010 $a3-11-052376-0 024 7 $a10.1515/9783110523768 035 $a(CKB)4340000000193266 035 $a(MiAaPQ)EBC4931492 035 $a(DE-B1597)474077 035 $a(OCoLC)1002253097 035 $a(DE-B1597)9783110523768 035 $a(Au-PeEL)EBL4931492 035 $a(CaPaEBR)ebr11419537 035 $a(OCoLC)999635808 035 $a(EXLCZ)994340000000193266 100 $a20170822h20172017 uy 0 101 0 $ager 135 $aurcnu|||||||| 181 $2rdacontent 182 $2rdamedia 183 $2rdacarrier 200 00$aCarmina aliquot Graeca $eKarl August Bo?ttigers Griechische Gedichte /$fAus dem Nachlass herausgegeben, u?bersetzt und kommentiert von Peter Witzmann 210 1$aBerlin, [Germany] ;$aBoston, [Massachusetts] :$cDe Gruyter,$d2017. 210 4$d©2017 215 $a1 online resource (284 pages) $cillustrations 300 $aIncludes index. 311 $a3-11-052311-6 327 $tFrontmatter -- $tInhaltsverzeichnis -- $tVorausgehende Bemerkungen -- $tTexte / Übersetzungen / Kommentare -- $t1. Das Jahr 1825 -- $t2. Das Jahr 1826 -- $t3. Das Jahr 1827 -- $t4. Das Jahr 1828 -- $t5. Das Jahr 1829 -- $t6. Das Jahr 1830 -- $t7. Das Jahr 1831 -- $t8. Das Jahr 1832 -- $t9. Das Jahr 1833 -- $t10. Drei Solitäre -- $tAbschließende Bemerkungen -- $tDie Appendix Silligiana -- $tIndex -- $tTafelteil 606 $3(DE-601)104137789$3(DE-588)4036774-5$aLyrik$2gnd 606 $3(DE-601)105826847$3(DE-588)4113791-7$aGriechisch$2gnd 606 $aLITERARY CRITICISM / General$2bisacsh 615 7$aLyrik 615 7$aGriechisch 615 7$aLITERARY CRITICISM / General. 676 $a070.92 686 $aGK 9951$2rvk 700 $aBöttiger$b Karl August, $0423487 702 $aWitzmann$b Peter 801 0$bMiAaPQ 801 1$bMiAaPQ 801 2$bMiAaPQ 906 $aBOOK 912 $a9910816465003321 996 $aCarmina aliquot Graeca$93996234 997 $aUNINA